000 00773nam a2200241Ia 4500
003 GCL
008 140319s9999 xx 000 0 ara d
040 _aGCL /
_cGCL
082 0 4 _a162
_bب م
100 1 _aعبدالفتاح الديدى
245 1 0 _aمقدمة فى المنطق الرمزى /
_cعبدالفتاح الديدى
700 1 _aبيسون.ا.ه
700 1 _aاوكونر د.ج
260 _a[S.N] :
_bالهيئة المصرية العامة للكتاب ،
_c1987
300 _a234
490 _aنصوص فلسفية
_v0
650 0 4 _aالقياس المنطقى
650 0 4 _aالمنطق
650 0 4 _aالاستدلال
650 0 4 _aالمنطق الرمزى والرياضى
650 0 4 _aالمنطق الصورى
942 _2ddc
_cBK
999 _c29014
_d29014